000 00685cab a2200217 4500
001 WB2448-20
008 090401t1988 xxu||||| |||| 00| 0 eng d
035 _a(Sirsi) u36771
041 _aeng
245 _aLocal housing
260 _c1988
350 _a0
490 _aDaily Telegraph
_v30/11/88 p37
520 _aDescribes the first phase of a community housing project in Hackney , which combines shared ownership apartments with houses and flats to let, as well as sheltered housing and a geriatric hospital.
650 _aASSURED TENANCIES
650 _aJOINT VENTURES
650 _aMIXED USE
690 _aBlock management
_96220
942 _n0
948 _c04/03/1997
999 _c23795
_d23795